Industrial safety and health for goods and materials services

Uloženo v:
Podrobná bibliografie
Hlavní autor:  Reese, Charles D
Médium: Sách
Jazyk:Undetermined
Vydáno:  CRC Press  2009
Témata:
Tagy: Přidat tag
Žádné tagy, Buďte první, kdo otaguje tento záznam!
Thư viện lưu trữ: Trung tâm Thư viện - Trường Đại học Công nghiệp TP. Hồ Chí Minh
LEADER 00513nam a2200157Ia 4500
001 UIH_02790
008 231011s9999 xx 000 0 und d
082 |a  658.382 
100 |a  Reese, Charles D 
245 0 |a  Industrial safety and health for goods and materials services 
245 0 |c  Reese, Charles D 
260 |b  CRC Press 
260 |c  2009 
650 |a  Công nghiệp dịch vụ;  
927 |a Sách 
980 |a Trung tâm Thư viện - Trường Đại học Công nghiệp TP. Hồ Chí Minh